| 000 | 00000nas##2200000za#4500 |
| 001 | 9.514752 |
| 003 | CaOODSP |
| 005 | 20210615082912 |
| 007 | ta |
| 008 | 150406c1994||||xxc|| m #||||f| |0eng|d |
| 040 | |aCaOODSP|beng |
| 043 | |an-cn--- |
| 086 | 1 |aL31-85E |
| 110 | 1 |aCanada.|bHuman Resources and Social Development Canada. |bLabour Program. |
| 245 | 10|aCanada Labour Code. Part II |
| 250 | |aConsolidated working copy |
| 260 | |aOttawa - Ontario : |bHuman Resources and Social Development Canada. |
| 310 | |aIrregular |
| 520 | 3 |aRegulations respecting occupational health and safety made under part II of the Canada labour code; Safety and health committees and representatives regulations. |
| 563 | |aBinder |
| 775 | 08|tCode canadien du travail, Partie II |w(CaOODSP)9.513111 |